Chuck Lorre TV Shows Quiz Stats

 Plays Quiz Updated Aug 25, 2017

Challenge
Share
Tweet
Embed
Score 0/11 Timer 03:00
0 Plays Today
Chuck Lorre's Years - Star Show % Correct
2007-Present
Jim Parsons
The Big Bang Theory
92.9%
2003-2015
Jon Cryer
Two and a Half Men
88.6%
2010-2016
Melissa McCarthy
Mike & Molly
79.1%
1990-1992
John Goodman
Roseanne
70%
1997-2002
Jenna Elfman
Dharma & Greg
69.1%
2013-Present
Anna Faris
Mom
60%
1993-1998
Brett Butler
Grace Under Fire
48.7%
2017-Present
Iain Armitage
Young Sheldon
26.4%
1995-1998
Christine Baranski
Cybill
25.4%
2017-Present
Kathy Bates
Disjointed
13.8%
1992-1992
Miriam Margolyes
Frannie's Turn
8.6%

You're not logged in!

Compare scores with friends on all Sporcle quizzes.
OR
Log In

You Might Also Like...

Show Comments

Extras

Top Quizzes Today


Score Distribution

Your Account Isn't Verified!

In order to create a playlist on Sporcle, you need to verify the email address you used during registration. Go to your Sporcle Settings to finish the process.

Report this User

Report this user for behavior that violates our Community Guidelines.

Details: